| 000 | 00566cam a2200217 4500 | ||
|---|---|---|---|
| 001 | J117526 | ||
| 008 | 020416n2002 000 0 eng u | ||
| 035 | _a(Sirsi) u117526 | ||
| 050 | _a333.337 | ||
| 110 |
_aEGi London Office Database _94215 |
||
| 245 | _aCentral London office market - Quarterly bulletin issue 2 | ||
| 260 |
_aLondon _bEGi _c2002 |
||
| 300 |
_a4p. _c30cm. |
||
| 650 | _aAVAILABILITY | ||
| 650 | _aCOMPLETIONS | ||
| 650 | _aLEAGUE TABLES | ||
| 650 | _aOFFICES | ||
| 650 | _aTAKE-UP | ||
| 690 | _aCOMMERICAL PROPERTY-MARKET | ||
| 942 | _n0 | ||
| 999 |
_c102017 _d102017 |
||